Catálogo

FLOW MEASUREMENT ENGINEERING HANDBOOK (Registro nro. 52188)

Detalles MARC
000 -LEADER
fixed length control field 00760nam a2200193 a 4500
001 - CONTROL NUMBER
control field 52188
005 - DATE AND TIME OF LATEST TRANSACTION
control field 20180714041932.0
008 - FIXED-LENGTH DATA ELEMENTS--GENERAL INFORMATION
fixed length control field 140415s1983 xxu 000 0 eng d
020 ## - INTERNATIONAL STANDARD BOOK NUMBER
International Standard Book Number 0070420459
041 ## - LANGUAGE CODE
Language code of text/sound track or separate title eng
082 ## - DEWEY DECIMAL CLASSIFICATION NUMBER
Classification number 681.2
Item number MIL
100 1# - MAIN ENTRY--PERSONAL NAME
Personal name MILLER, R. W.
245 10 - TITLE STATEMENT
Title FLOW MEASUREMENT ENGINEERING HANDBOOK
250 ## - EDITION STATEMENT
Edition statement 1a ed.
260 ## - PUBLICATION, DISTRIBUTION, ETC.
Place of publication, distribution, etc. ESTADOS UNIDOS DE AMERICA :
Name of publisher, distributor, etc. MCGRAW-HILL INTERAMERICANA,
Date of publication, distribution, etc. 1983
300 ## - PHYSICAL DESCRIPTION
Extent 594
Dimensions 15.6 x 4.9 x 23.3
520 ## - SUMMARY, ETC.
Summary, etc. THIS HANDBOOK CONVERS EN DETAIL THE FLOWMETERS MOSR CMMONLY USED IN PROCESS MEASUREMENT AND CONTROL. A MAJOR PART OF THE PREPARATION OF THE HANDBOOK WAS TO UNRAVEL THA MANY EQUATION FORMS EXISTING.
650 14 - SUBJECT ADDED ENTRY--TOPICAL TERM
Topical term or geographic name entry element CONTADORES DE FLUIDOS
General subdivision CONTADORES DE FLUIDOS
-- MANUALES
Existencias
Withdrawn status Lost status Source of classification or shelving scheme Damaged status Not for loan Collection code Home library Current library Shelving location Date acquired Source of acquisition Inventory number Total Checkouts Full call number Barcode Date last seen Date last checked out Price effective from Koha item type
    Dewey Decimal Classification     General Biblioteca Karol Wojtyla Biblioteca Karol Wojtyla Sala general 03/12/2013 Compra 151000000000000000029316 1 681.2 MIL 77589 05/01/2026 21/01/2022 03/12/2013 Libro